Книжная биржа. Г.3 1907, январь: Яков Алексеевич Исаков и его ученики (Запись № 2420726)

Подробности
000 -МАРКЕР
контрольное поле 01413nam2a22002531 4500
001 - ИДЕНТИФИКАТОР ЗАПИСИ
контрольное поле RU\NLR\INFOCOMM10\1000214950
005 - ИДЕНТИФИКАТОР ВЕРСИИ
контрольное поле 20250617052100.0
035 ## - ДРУГИЕ СИСТЕМНЫЕ НОМЕРА
Идентификатор записи (NLR Aleph) 002480651
100 ## - ДАННЫЕ ОБЩЕЙ ОБРАБОТКИ
Данные общей обработки 20040402d1907 |||y0rusy50 ca
101 0# - ЯЗЫК РЕСУРСА
Язык текста, звукозаписи и т.д. русский
102 ## - СТРАНА ПУБЛИКАЦИИ ИЛИ ПРОИЗВОДСТВА
Страна публикации Российская Федерация
105 ## - ПОЛЕ КОДИРОВАННЫХ ДАННЫХ: ТЕКСТОВЫЕ МАТЕРИАЛЫ, МОНОГРАФИЧЕСКИЕ
Кодированные данные о монографическом текстовом документе y |||||||||
200 1# - ЗАГЛАВИЕ И СВЕДЕНИЯ ОБ ОТВЕТСТВЕННОСТИ
Основное заглавие Яков Алексеевич Исаков и его ученики
Первые сведения об ответственности Симони, П.К.
210 ## - ПУБЛИКАЦИЯ, РАСПРОСТРАНЕНИЕ И ДР.
Дата издания, распространения и т.д. 1907
Место издания, распространения и т.д. Б. м.
461 #0 - УРОВЕНЬ НАБОРА
Встроенное поле 001RU\NLR\INFOCOMM10\1000214938
-- 2001#$aКнижная биржа$eЕжемес. журн. изд. и книготорг. деятельности$eОрган сближения интересов авторов, издателей, книготорговцев и читателей и их торгово-пром. отношений$vГ.3 1907, январь
Системный номер (АБИС) связанной записи 2420718
Место публикации СПб.
Дата публикации 1905-1907
Имя издателя, распространителя и т.д. Н.Г. Мартынов
Сведения, относящиеся к заглавию Ежемес. журн. изд. и книготорг. деятельности : Орган сближения интересов авторов, издателей, книготорговцев и читателей и их торгово-пром. отношений
Заглавие Книжная биржа
Номер тома Г.3 1907, январь
700 #1 - ИМЯ ЛИЦА - ПЕРВИЧНАЯ ОТВЕТСТВЕННОСТЬ
Начальный элемент ввода Симони
Часть имени, кроме начального элемента ввода П.К.
Код отношения Автор
801 #1 - ИСТОЧНИК ЗАПИСИ
Страна Российская Федерация
Организация InfoComm
Дата составления 20040402
801 #0 - ИСТОЧНИК ЗАПИСИ
Страна Российская Федерация
Организация NLR
Правила каталогизации PSBO
852 ## - МЕСТОНАХОЖДЕНИЕ И ШИФР ХРАНЕНИЯ
Идентификатор организации NLR
Шифр хранения (Call Number) 993П/К-53
942 ## - ДОПОЛНИТЕЛЬНЫЕ ЭЛЕМЕНТЫ ЗАПИСИ (АБИС)
Тип экземпляра АБИС Выпуск
980 ## - КОЛЛЕКЦИЯ
Название коллекции Национальная библиография
980 ## - КОЛЛЕКЦИЯ
Название коллекции Русская периодика

Нет доступных экземпляров.